000 00320nam a2200133 i 4500
001 bg
100 1 _aABRIKOSOV, A. A.
245 0 _aVvedenie w teoriju normalnych metallow /
_cA.A. Abrikosow.
260 _aMoskva,
_c1972.
040 _cBPK
041 _apol
942 _cKS
008 s pl f |000 0 pol
999 _c14480
_d14480
856 _uhttp://koha.tu.koszalin.pl/cgi-bin/koha/opac-detail.pl?biblionumber=14480
_yKatalog online BPK